header

Atrocity and amnesia (Record no. 4489)

MARC details
000 -LEADER
fixed length control field 01170nam a2200301Ia 4500
100 1# - MAIN ENTRY--AUTHOR NAME
Personal name Boyers, Robert.
245 10 - TITLE STATEMENT
Title Atrocity and amnesia
260 ## - PUBLICATION, DISTRIBUTION, ETC. (IMPRINT)
Place of publication New York ;
-- Oxford :
Name of publisher Oxford University Press,
Year of publication c1985.
300 ## - PHYSICAL DESCRIPTION
Number of Pages 259 p.
500 ## - GENERAL NOTE
General note Includes index.
650 #0 - SUBJECT ADDED ENTRY--TOPICAL TERM
Topical Term Fiction
Topical Term Political fiction
856 40 - ELECTRONIC LOCATION AND ACCESS
Uniform Resource Identifier http://site.ebrary.com/lib/rucke/Doc?id=10279445

No items available.

© 2026 Rongo University
Contact us: librarian | system librarian | Rongo university